[Event "OMA-chT 6th"]
[Site "Muscat"]
[Date "2023.08.10"]
[Round "9.4"]
[White "Al Salehi, Azzan"]
[Black "Al Busafi, Khalid"]
[Result "0-1"]
[WhiteElo "1482"]
[BlackElo "1522"]
[PlyCount "56"]
[EventDate "2023.08.03"]
[EventType "team-swiss"]
[EventRounds "9"]
[EventCountry "OMN"]
[SourceTitle "EXT 2024"]
[Source "ChessBase"]
[SourceDate "2023.10.10"]
[SourceVersion "1"]
[SourceVersionDate "2023.10.10"]
[SourceQuality "1"]
[WhiteTeam "Al Rustaq"]
[BlackTeam "Quritat"]
[WhiteTeamCountry "OMN"]
[BlackTeamCountry "OMN"]

1. c4 c5 2. Nc3 g6 3. Nf3 Bg7 4. e3 Nc6 5. Be2 d6 6. Rb1 Bf5 7. d3 Nf6 8. 0-0 0-0 9. Nd5 Bd7 10. b3 Nxd5 11. cxd5 Nb4 12. e4 Nxa2 13. Bb2 Nc3 14. Bxc3 Bxc3 15. Qc1 Bg7 16. h3 b5 17. g4 b4 18. Nh2 Bd4 19. h4 e6 20. Nf3 Bf6 21. g5 Bc3 22. Nh2 exd5 23. exd5 f5 24. f4 Re8 25. Qd1 Qe7 26. Bf3 Qe3+ 27. Kg2 Qxf4 28. Kh3 Be5 0-1

[Event "OMA-ch"]
[Site "Muscat"]
[Date "2022.02.17"]
[Round "9"]
[White "Al Hosni, Khalfan"]
[Black "Al Busafi, Khalid"]
[Result "1-0"]
[WhiteElo "1657"]
[BlackElo "1603"]
[PlyCount "73"]
[EventDate "2022.02.10"]
[EventType "swiss"]
[EventRounds "9"]
[EventCountry "OMN"]
[SourceTitle "EXT 2023"]
[Source "ChessBase"]
[SourceDate "2022.10.05"]
[SourceVersion "1"]
[SourceVersionDate "2022.10.05"]
[SourceQuality "1"]

1. e4 c5 2. Nf3 g6 3. d4 cxd4 4. Nxd4 Bg7 5. c4 Nc6 6. Be3 Nf6 7. Nc3 Nxd4 8. Bxd4 d6 9. Be2 Bd7 10. 0-0 0-0 11. f4 Bc6 12. Qd3 Nd7 13. Bxg7 Kxg7 14. Kh1 a5 15. f5 Ne5 16. Qe3 f6 17. Rad1 Qc7 18. Bd3 b6 19. Ne2 a4 20. h3 Bd7 21. Rf2 Nxc4 22. Bxc4 Qxc4 23. Rc1 Qa6 24. Rc7 Rfd8 25. Nf4 Ra7 26. Rfc2 g5 27. Nd5 Kf8 28. h4 Kf7 29. hxg5 Rg8 30. Rxa7 Qxa7 31. Rc7 Qa6 32. Rxd7 Qf1+ 33. Qg1 Qe2 34. Rxe7+ Kf8 35. Qc1 Qa6 36. Rc7 Rxg5 37. Nxf6 1-0

[Event "OMA-ch"]
[Site "Muscat"]
[Date "2022.02.14"]
[Round "6"]
[White "Al Balushi, Salim"]
[Black "Al Busafi, Khalid"]
[Result "0-1"]
[WhiteElo "1357"]
[BlackElo "1603"]
[PlyCount "92"]
[EventDate "2022.02.10"]
[EventType "swiss"]
[EventRounds "9"]
[EventCountry "OMN"]
[SourceTitle "EXT 2023"]
[Source "ChessBase"]
[SourceDate "2022.10.05"]
[SourceVersion "1"]
[SourceVersionDate "2022.10.05"]
[SourceQuality "1"]

1. Nf3 c5 2. c3 Nc6 3. d3 g6 4. Qc2 Bg7 5. e4 d6 6. Be3 Bg4 7. Nbd2 Qc7 8. Be2 Nf6 9. h3 Bd7 10. Nf1 0-0 11. Ng3 b6 12. 0-0 d5 13. a4 Rac8 14. Rac1 Qd6 15. Rfd1 d4 16. Bg5 dxc3 17. bxc3 Qc7 18. d4 cxd4 19. cxd4 Qb7 20. Qb3 Na5 21. Qd3 Bxa4 22. Re1 h6 23. Bd2 Rxc1 24. Rxc1 Nb3 25. Rc2 Nxd2 26. Rxd2 e6 27. Nh4 Bc6 28. e5 Ne4 29. Rc2 Nxg3 30. fxg3 Be4 31. Qd2 Bxc2 32. Qxc2 a5 33. Bf3 Qa7 34. Qe4 g5 35. Be2 gxh4 36. Bd3 f5 37. exf6 Bxf6 38. Qxe6+ Qf7 39. Qxb6 Qd5 40. Qa6 Qxd4+ 41. Kh2 hxg3+ 42. Kh1 Qa1+ 43. Bf1 Bg7 44. Qc4+ Kh8 45. Qg8+ Kxg8 46. Kg1 Qd4+ 0-1